| 000 | 00000nam##2200000za#4500 |
| 001 | 9.608336 |
| 003 | CaOODSP |
| 005 | 20240612102653 |
| 007 | cr ||||||||||| |
| 008 | 150406|2015||||xxc|||||o f|0| 0 fre|d |
| 040 | |aCaOODSP|bfre |
| 043 | |an-cn--- |
| 086 | 1 |aRv55-5/8-1-7-2015F-PDF |
| 110 | 2 |aAgence des services frontaliers du Canada. |
| 245 | 10|aUtilisation du carnet A.T.A. et du carnet Canada/Taipei chinois pour l'admission temporaire de marchandises |h[ressource électronique] |
| 260 | |aOttawa - Ontario : |bAgence des services frontaliers du Canada |
| 300 | |a12p. |
| 490 | 1 |aMémorandums D des douanes. D8, Remises et importation temporaire |vD8-1-7, le 12 février 2015 |
| 500 | |aCeci annule le mémorandum D : D8-1-7 daté le 8 juin 2007 |
| 590 | |a15-10|b2015-03-06 |
| 775 | 08|tUse of A.T.A. carnets and Canada/Chinese Taipei carnets for the temporary admission of goods |w(CaOODSP)9.581558 |
| 830 | #0|aMémorandums D des douanes. D8, Remises et importation temporaire ;|vD8-1-7, le 12 février 2015|w(CaOODSP)9.816826 |
| 856 | 40|ahttp://publications.gc.ca|qPDF|s145 Ko|uhttps://publications.gc.ca/collections/collection_2015/asfc-cbsa/Rv55-5-8-1-7-2015-fra.pdf|yD8-1-7, le 12 février 2015 |